NHL-joukkueiden logot - Statistics

Yleistilastot
  • Tätä visaa on pelattu 1 727 kertaa
  • Keskiarvotulos 25 / 32
Vastaustilastot
Kuvavisa Hint Vastaus % Oikein
Atlantin divisioona Boston Bruins
98%
Atlantin divisioona Florida Panthers
93%
Atlantin divisioona Toronto Maple Leafs
88%
Keskinen divisioona Dallas Stars
85%
Atlantin divisioona Detroit Red Wings
85%
Tyynenmeren divisioona San Jose Sharks
84%
Atlantin divisioona Buffalo Sabres
83%
Metropolien divisioona Carolina Hurricanes
83%
Tyynenmeren divisioona Edmonton Oilers
83%
Metropolien divisioona New Jersey Devils
83%
Metropolien divisioona New York Rangers
83%
Metropolien divisioona Pittsburgh Penguins
83%
Atlantin divisioona Tampa Bay Lightning
81%
Keskinen divisioona Chicago Blackhawks
79%
Keskinen divisioona Colorado Avalanche
78%
Atlantin divisioona Montreal Canadiens
78%
Tyynenmeren divisioona Anaheim Ducks
77%
Keskinen divisioona Minnesota Wild
75%
Metropolien divisioona Washington Capitals
75%
Metropolien divisioona Philadelphia Flyers
74%
Keskinen divisioona Winnipeg Jets
74%
Atlantin divisioona Ottawa Senators
73%
Tyynenmeren divisioona Calgary Flames
72%
Tyynenmeren divisioona Seattle Kraken
72%
Tyynenmeren divisioona Los Angeles Kings
71%
Keskinen divisioona Nashville Predators
71%
Keskinen divisioona St. Louis Blues
70%
Metropolien divisioona New York Islanders
69%
Tyynenmeren divisioona Vegas Golden Knights
69%
Metropolien divisioona Columbus Blue Jackets
68%
Keskinen divisioona Utah Mammoth
65%
Tyynenmeren divisioona Vancouver Canucks
64%
Ehtoja vastaavia visoja ei löytynyt
Tulosjakauma
Jokaisen tuloksen saaneiden osuus
Persentiili vastausten määrän mukaan
Tuloshistoriasi
Et ole pelannut tätä visaa